000 00586nam a22001937a 4500
999 _c172311
_d172311
005 20200131130111.0
010 _aA-26183
020 _c12.00
035 _aA-26183
037 _bBPPD/Pub.
082 _a843.08
100 _aتبسم کاشمیری
245 _aفسانہ آزاد : ایک تنقیدی جایزہ /
_cتبسم کاشمیری
246 _aFasane Azaad : Ek Tanqeedi Jayza /
_bby Tabassum Kashmiri
260 _aAllahabad
_bUrdu Riders
_c1980 ء
270 _a-
_b-
_e-
300 _a120p.
_c18cm(Hb)
942 _2ddc
_cUR
_h843.08
_mت ب س